Ebba grön songs - Statistics

General Stats
  • This quiz has been taken 8 times
  • The average score is 34 of 59
Answer Stats
Answer % Correct
800 grader
100%
Mamma pappa barn
100%
Staten & kapitalet
100%
We’re only in it for the drugs No.1
100%
We’re only in it for the drugs No.2
100%
Beväpna er
83%
Die mauer
83%
Häng gud
83%
Mona tumbas slim club
83%
Profit
83%
Scheisse
83%
Slicka uppåt, sparka neråt!
83%
Totalvägra
83%
Alla visa män
67%
Flyger
67%
Flyktsoda
67%
Folk bits
67%
Hat & blod
67%
Heroinister & kontorister
67%
Het choklad
67%
Jag hatar söndagar
67%
Mental istid
67%
Musketör
67%
Pervers politiker
67%
Schweden Schweden
67%
Stockholms pärlor
67%
Till havs
67%
Tittar på TV
67%
Ung & kåt
67%
Uppgång & fall
67%
Vad ska du bli?
67%
Born to be wild
50%
Det måste vara radion
50%
Handgranat…ge sig totalt
50%
Kärlek é stark
50%
Malmö city
50%
Mord i mina tankar
50%
Nu släckas tusen människoliv
50%
Rock and roll music
50%
Sno från de rika
50%
Stopp!
50%
Svart & vitt
50%
Turist i tillvaron
50%
Tyst för fan
50%
Ung & sänkt
50%
Vad har jag gjort?
50%
Bikinipop
33%
Brackor
33%
Kontorsråttor
33%
Skjut en snut
33%
Vad pojkar vill ha
33%
White riot
33%
Career opportunities
17%
Do you know (How much I love you)
17%
Happy
17%
Jag är lurad
17%
Now I wanna fuck your dog
17%
Tyna bort
17%
What’s my name
17%
No matching quizzes found
Score Distribution
Percent of People with Each Score
Percentile by Number Answered
Your Score History
You have not taken this quiz